Stochastic optimal control : theory and application /

Guardado en:
Autor Principal: Stengel, Robert F.
Formato: Libro
Idioma:English
Publicado: New York : Wiley, c1986.
Materias:
Acceso en línea:Tabla de contenido
Descripción
Etiquetas: Agregar Etiqueta
Sin Etiquetas, Sea el primero en etiquetar este registro!
LEADER 01111pam a22002895a 4500
001 EIQ.libpla003746
008 860403s1986####nyua#####b####001#0#eng#d
005 20080307191835.0
245 1 0 |a Stochastic optimal control :  |b theory and application /  |c Robert F. Stengel. 
260 |a New York :  |b Wiley,  |c c1986. 
300 |a xvi, 638 p. :  |b il. ;  |c 25 cm. 
500 |a "A Wiley-Interscience publication." 
504 |a Incluye referencias bibliográficas e índice. 
020 |a 0471864625 
100 1 |a Stengel, Robert F. 
082 0 0 |a 629.8/312  |2 19 
650 4 |a Matemática  |x Optimización. 
650 4 |a Control  |x Procesos estocásticos. 
650 4 |a Teoría de control  |x Optimización. 
650 4 |a Mathematical  |x Optimization. 
650 4 |a Control theory  |x Optimization. 
650 4 |a Control  |x Stochastic processes. 
010 |a  86009096  
040 |a DLC  |c DLC  |d AR-BbSID 
856 4 |3 Tabla de contenido  |u http://www.loc.gov/catdir/toc/onix01/86009096.html 
856 4 2 |3 Descripción  |u http://www.loc.gov/catdir/enhancements/fy0706/86009096-d.html 
859 |a AR-BbSID  |b BIB. PLAPIQUI  |h 629.831 2  |i St 42  |p 3535